Central Library OPAC University of Rajshahi
Normal view MARC view

Entry Topical Term

Number of records used in: 2

001 - CONTROL NUMBER

  • control field: 2084

003 - CONTROL NUMBER IDENTIFIER

  • control field: BD-RjUL

005 - DATE AND TIME OF LATEST TRANSACTION

  • control field: 20220328110505.0

008 - FIXED-LENGTH DATA ELEMENTS

  • fixed length control field: 220328|| aca||aabn | a|a d

040 ## - CATALOGING SOURCE

  • Original cataloging agency: BD-RjUL
  • Transcribing agency: BD-RjUL

150 ## - HEADING--TOPICAL TERM

  • Topical term or geographic name entry element: American drama

670 ## - SOURCE DATA FOUND

  • Source citation: Work cat.: (BD-RjUL)20559: Osborne, John 1929-1994. 61688, Plays for England :, c1963.